| 000 | 00555nam a2200205 i 4500 | ||
|---|---|---|---|
| 001 | bg | ||
| 100 | 1 | _aMORROW, Jeffrey | |
| 245 | 0 |
_aRób biznes / _cJeffrey Morrow ; [zespół tłumaczy Marta Sienicka et al.]. |
|
| 250 | _a[Wyd. 2]. | ||
| 260 |
_aWarszawa : _bMorrow a. Comp., _c1992. |
||
| 300 |
_a291 s. : _brys., wykr. ; _c25 cm. |
||
| 500 | _aWersja ang.-pol. | ||
| 020 | _a8390040018 | ||
| 040 | _cBPK | ||
| 041 | _apol | ||
| 080 | _a65.01:657:658.1/.5 | ||
| 920 | _a83-900400-1-8 | ||
| 942 | _cKS | ||
| 008 | s pl f |000 0 pol | ||
| 999 |
_c6055 _d6055 |
||
| 856 |
_uhttp://koha.tu.koszalin.pl/cgi-bin/koha/opac-detail.pl?biblionumber=6055 _yKatalog online BPK |
||